| LEADER | 01045nam a2200229 a 4500 | ||
|---|---|---|---|
| 001 | GR-MES2600 | ||
| 008 | 991111s1995 gr 000 0 gre d | ||
| 040 | |a GrPaTEI |b gre |c GR-PaULI | ||
| 245 | 0 | 2 | |a Η φιλοσοφική σκέψη στην Ελλάδα απο το 1828 ως το 1922 |n 1ος . |p Ευρωπαικές επιδράσεις και προσπάθειες για μια εθνική φιλοσοφία 1828-1875. |
| 260 | |a Αθήνα : |b Γνώση, |c 1995 | ||
| 300 | |a 535σελ. | ||
| 500 | |a βιβλιογραφία:σελ(501-527) και ευρετήριο | ||
| 650 | 4 | |a Ελλάδα | |
| 650 | 4 | |a Φιλοσοφία | |
| 650 | 1 | 0 | |a 1828-1875 |
| 650 | 1 | 0 | |a 1828-1922 |
| 700 | 1 | |a Αργυροπούλου, Ρωξάνη | |
| 710 | 0 | |a Γνώση | |
| 942 | |2 ddc | ||
| 952 | |0 0 |1 0 |2 ddc |4 0 |6 180_000000000000000_ΑΡΓ |7 0 |9 267006 |a MSLG |b MSLG |c BSC |d 2021-01-17 |e 24 |f 0 |g 0.00 |l 0 |o 180 ΑΡΓ |p 2420000010873 |r 2021-01-17 00:00:00 |t 1 |w 2021-01-17 |y BK15 |x 19991111 0 1 |x GrPaTEI | ||
| 971 | |a .b25736450 |b 16-04-20 |c 13-09-16 | ||
| 999 | |c 153680 |d 153680 | ||